Sprachen auf denen Deutschland beim ESC gesungen hat - Statistiken

Allgemein
  • Dieses Quiz wurde 850 mal gespielt
  • Das Durchschnittsergebnis liegt bei 5 aus 7
Antwortstatistiken
Anzahl Sprache % Korrekt
49 Deutsch
100%
28 Englisch
100%
1 Französisch
96%
1 Spanisch
91%
1 Italienisch
83%
2 Türkisch
49%
1 Hebräisch
18%
Keine übereinstimmenden Quizze gefunden
Verteilung der Resultate
Anzahl Personen mit jedem Resultat
Perzentil nach korrekt beantworteten Fragen
Ihre Resultats-Entwicklung
Sie haben dieses Quiz noch nicht gespielt